Welcome to CU Library Online Public Access Catalogue (OPAC)

Judicial remedies in public law / (Record no. 128)

MARC details
000 -LEADER
fixed length control field 01088cam a2200277 i 4500
001 - CONTROL NUMBER
control field 18454323
003 - CONTROL NUMBER IDENTIFIER
control field OSt
005 - DATE AND TIME OF LATEST TRANSACTION
control field 20241023105036.0
008 - FIXED-LENGTH DATA ELEMENTS--GENERAL INFORMATION
fixed length control field 141231s2015 enk b 001 0 eng
020 ## - INTERNATIONAL STANDARD BOOK NUMBER
International Standard Book Number 9780414045354
Qualifying information Hard cover
040 ## -
-- Central University Library
050 00 - LIBRARY OF CONGRESS CALL NUMBER
Classification number KD4902
Item number .L49 2015
100 1# - MAIN ENTRY--PERSONAL NAME
Personal name Lewis, Clive,
Dates associated with a name 1960-
Relator term author.
245 10 - TITLE STATEMENT
Title Judicial remedies in public law /
Statement of responsibility, etc. Sir Clive Lewis, a justice of the High Court, Queen's Bench Division, bencher of the Middle Temple ; contributor, C.J.S. Knight.
250 ## - EDITION STATEMENT
Edition statement Fifth edition.
260 ## - PUBLICATION, DISTRIBUTION, ETC.
Place of publication, distribution, etc. London,
-- Great Britain;
Name of publisher, distributor, etc. Thomson Reuters (Professional) UK Ltd,
-- Sweet & Maxwell;
Date of publication, distribution, etc. c2015
300 ## - PHYSICAL DESCRIPTION
Extent cxxxiii, 712 pages ;
Dimensions 24 cm
Other physical details Index
650 #0 - SUBJECT ADDED ENTRY--TOPICAL TERM
Topical term or geographic name entry element Judicial review of administrative acts
Geographic subdivision England.
650 #0 - SUBJECT ADDED ENTRY--TOPICAL TERM
Topical term or geographic name entry element Public law
Geographic subdivision England.
650 #0 - SUBJECT ADDED ENTRY--TOPICAL TERM
Topical term or geographic name entry element Administrative remedies
Geographic subdivision England.
650 #0 - SUBJECT ADDED ENTRY--TOPICAL TERM
Topical term or geographic name entry element Judicial review of administrative acts
Geographic subdivision Wales.
650 #0 - SUBJECT ADDED ENTRY--TOPICAL TERM
Topical term or geographic name entry element Public law
Geographic subdivision Wales.
650 #0 - SUBJECT ADDED ENTRY--TOPICAL TERM
Topical term or geographic name entry element Administrative remedies
Geographic subdivision Wales.
700 1# - ADDED ENTRY--PERSONAL NAME
Personal name Knight, Christopher
Titles and other words associated with a name (Lawyer),
Relator term contributor
942 ## - ADDED ENTRY ELEMENTS (KOHA)
Source of classification or shelving scheme Library of Congress Classification
Koha item type Books
Suppress in OPAC No
999 ## -
-- 128
-- 128
Holdings
Withdrawn status Lost status Source of classification or shelving scheme Damaged status Not for loan Collection Home library Current library Shelving location Date acquired Total checkouts Full call number Barcode Date last seen Copy number Price effective from Koha item type
    Library of Congress Classification     Non-fiction Law Library (Christ Temple) Law Library (Christ Temple) Reference 05/12/2025   KD4902.L49 LEW LLCT00000636 05/12/2025 1 05/12/2025 Books
    Library of Congress Classification     Non-fiction Law Library (Kumasi) Law Library (Kumasi) General stacks 05/05/2025   KD4902.L49 Lew LLK00000112 05/05/2025 2 05/05/2025 Books
    Library of Congress Classification     Non-fiction Law Library (Miotso) Law Library (Miotso) Reference 10/22/2024   KD4902.L49 LEW llm00000204 10/23/2024 1 10/22/2024 Books
© 2023-2024 Copyright: Central University Libraries. All Rights Reserved | Created by: Mahone Tech Office